| 000 | 01453nam a2200349 i 4500 | ||
|---|---|---|---|
| 003 | EG-ScBUE | ||
| 005 | 20240208104133.0 | ||
| 008 | 220731s2024 ua f 000 0 ara d | ||
| 017 | _a2023 / 28451 | ||
| 020 | _a9789778064032 | ||
| 040 |
_aEG-ScBUE _bara _erda _cEG-ScBUE _dEG-ScBUE |
||
| 041 | 1 |
_aara _heng |
|
| 082 | 0 | 4 |
_222 _a153.42 _bت ر ي |
| 100 | 1 |
_aترينتون، نك، _eمؤلف. |
|
| 240 | 1 | 0 |
_aOverthinking cure : how to stay in the present, shake negativity, and stop your stress and anxiety. _lArabic |
| 245 | 1 | 0 |
_aعلاج التفكير الضاغط / _cنك ترينتون ؛ ترجمة خالد أمين. |
| 246 | 3 | 4 |
_aعلاج التفكير الضاغط : _bدليلك لحياة حقيقية خالية من التوتر والقلق |
| 250 | _aالطبعة العربية الأولى. | ||
| 264 | 1 |
_aالقاهرة : _bدار دون للنشر والتوزيع، _c2024. |
|
| 300 |
_a127 صفحة ؛ _c20 سم |
||
| 336 |
_2rdacontent _aنص _btxt |
||
| 337 |
_2rdamedia _aبدون وسيط _bn |
||
| 338 |
_2rdacarrier _aمجلد _bnc |
||
| 541 | _aBook Fair 2024. | ||
| 546 | _aالنص باللغة العربية وتم ترجمته من اللغة الإنجليزية. | ||
| 650 | 7 |
_aالتفكير (علم نفس). _2BUEsh |
|
| 650 | 7 |
_aالتفكير السلبي. _2BUEsh |
|
| 653 |
_cFebruary2024 _bHHUUPPSS |
||
| 655 | _vReading book | ||
| 700 | 1 |
_aأمين، خالد، _eمترجم. |
|
| 942 | _2ddc | ||
| 999 |
_c30642 _d30613 |
||